Intertextuality and idealism in the rabbinic reading of "Eshet hayil"

Saved in:  
Bibliographic Details
Main Author: Hadassah Wendl, Katharina (Author)
Format: Electronic Article
Language:English
Check availability: HBZ Gateway
Interlibrary Loan:Interlibrary Loan for the Fachinformationsdienste (Specialized Information Services in Germany)
Published: 2024
In: The Jewish bible quarterly
Year: 2024, Volume: 52, Issue: 3, Pages: 184-192
Standardized Subjects / Keyword chains:B Bible. Sprichwörter 31,10-31 / Midrash / Historical criticism / Judaism / Intertextuality
RelBib Classification:BH Judaism
HB Old Testament
Further subjects:B Criticism, interpretation, etc., Jewish
B Proverbs XXXI, 10-31
B History and criticism; Bible
B Midrash
Online Access: Volltext (kostenfrei)

MARC

LEADER 00000caa a2200000 c 4500
001 1918859388
003 DE-627
005 20251027082309.0
007 cr uuu---uuuuu
008 250301s2024 xx |||||o 00| ||eng c
035 |a (DE-627)1918859388 
035 |a (DE-599)KXP1918859388 
040 |a DE-627  |b ger  |c DE-627  |e rda 
041 |a eng 
084 |a 1  |2 ssgn 
100 1 |a Hadassah Wendl, Katharina  |e VerfasserIn  |4 aut 
245 1 0 |a Intertextuality and idealism in the rabbinic reading of "Eshet hayil"  |c Katharina Hadassah Wendl 
264 1 |c 2024 
336 |a Text  |b txt  |2 rdacontent 
337 |a Computermedien  |b c  |2 rdamedia 
338 |a Online-Ressource  |b cr  |2 rdacarrier 
650 4 |a Criticism, interpretation, etc., Jewish 
650 4 |a History and criticism; Bible 
650 4 |a Midrash 
650 4 |a Proverbs XXXI, 10-31 
652 |a BH:HB 
689 0 0 |d u  |0 (DE-588)4243867-6  |0 (DE-627)104838493  |0 (DE-576)210458151  |a Bibel  |2 gnd  |p Sprichwörter  |n 31,10-31 
689 0 1 |d s  |0 (DE-588)4133700-1  |0 (DE-627)105678163  |0 (DE-576)209646128  |2 gnd  |a Midrasch 
689 0 2 |d s  |0 (DE-588)4160007-1  |0 (DE-627)105480975  |0 (DE-576)209854510  |2 gnd  |a Historische Kritik 
689 0 3 |d s  |0 (DE-588)4114087-4  |0 (DE-627)104603151  |0 (DE-576)20948182X  |2 gnd  |a Judentum 
689 0 4 |d s  |0 (DE-588)4114051-5  |0 (DE-627)105825018  |0 (DE-576)20948151X  |2 gnd  |a Intertextualität 
689 0 |5 (DE-627) 
773 0 8 |i Enthalten in  |t The Jewish bible quarterly  |d Jerusalem : Center, 1989  |g 52(2024), 3, Seite 184-192  |w (DE-627)385192940  |w (DE-600)2142241-2  |w (DE-576)273874861  |x 0792-3910  |7 nnas 
773 1 8 |g volume:52  |g year:2024  |g number:3  |g pages:184-192 
856 4 0 |u http://jbqnew.jewishbible.org/assets/Uploads/523/jbq_523_wendleshet.pdf  |x Verlag  |z kostenfrei  |3 Volltext  |7 0 
935 |a BIIN 
951 |a AR 
BIB |a 1 
BIR |a 47031010_47031031  |b biblesearch 
ELC |a 1 
ITA |a 1  |t 1 
LOK |0 000 xxxxxcx a22 zn 4500 
LOK |0 001 4677906998 
LOK |0 003 DE-627 
LOK |0 004 1918859388 
LOK |0 005 20251027082309 
LOK |0 008 250301||||||||||||||||ger||||||| 
LOK |0 040   |a DE-Tue135-1  |c DE-627  |d DE-Tue135-1 
LOK |0 852   |a DE-Tue135-1 
LOK |0 852 1  |m p  |9 00 
LOK |0 852 2  |b www  |9 00 
LOK |0 935   |a inzs  |a inzo 
LOK |0 936ln  |0 1442043520  |a BH 
LOK |0 936ln  |0 1442044128  |a HB 
LOK |0 938   |k p 
LOK |0 939   |a 01-03-25  |b l01 
OAS |a 1 
ORI |a SA-MARC-ixtheoa001.raw 
REL |a 1 
STA 0 0 |a Historical criticism,Historical-critical research,Intertextuality,Judaism,Judaism,Judaism in literature,Midrash,Midraš 
STB 0 0 |a Intertextualité,Judaïsme,Judaïsme,Midrash,Méthode historico-critique 
STC 0 0 |a Intertextualidad,Judaísmo,Judaísmo,Midrash,Método histórico-crítico 
STD 0 0 |a Ebraismo,Ebraismo,Intertestualità,Metodo storico-critico,Midrash 
STE 0 0 |a 互文性,文本互涉,历史批判,高等批判,历史批判方法,犹太教,犹太教,米德拉什,密德拉西,米德拉西 
STF 0 0 |a 互文性,文本互涉,歷史批判,高等批判,歷史批判方法,猶太教,猶太教,米德拉什,密德拉西,米德拉西 
STG 0 0 |a Intertextualidade,Judaísmo,Judaísmo,Midrash,Método histórico-crítico 
STH 0 0 |a Интертекст,Историко-критический метод,Иудаизм (мотив),Иудаизм,Мидраш 
STI 0 0 |a Διακειμενικότητα,Ιουδαϊσμός (μοτίβο),Ιουδαϊσμός,Ιστορική κριτική,Μιντράς 
SUB |a BIB  |a REL 
SYE 0 0 |a Midraš 
SYG 0 0 |a Midraš,Midrash , Historisch-kritische Forschung,Historisch-literarische Kritik , Judaism,Judaismus,Jüdische Religion,Zionism,Zionismus,Jüdische Religion,Judaismus,Jüdische Religion,Judaismus